Statistiken für Deutsche Torhymnen

Klicken Sie hier um das Quiz zu spielen!

Allgemein

  • Dieses Quiz wurde 52 mal gespielt
  • Das Durchschnittsergebnis liegt bei 6 aus 9

Antwortstatistiken

Name der HymneVerein% Korrekt
Denn wenn et Trömmelche jeht1.FC Köln
98%
Blau und weiß ein Leben langFC Schalke 04
94%
Rama Langa Ding DongVFL Wolfsburg
73%
ohne Torhymne1.FC Union Berlin
63%
Maria (I like it loud)Borussia Mönchengladbach/
1.FC Heidenheim
63%
I‘m gonna be (500 Miles)SV Werder Bremen
61%
I will surviveSC Freiburg/1.FC Nürnberg
51%
Leichte KavallerieEintracht Frankfurt
33%
Kernkraft 400FC Hansa Rostock
24%

Verteilung der Resultate

Perzentil nach korrekt beantworteten Fragen

Anzahl Personen mit jedem Resultat

Ihre Resultats-Entwicklung

Sie haben dieses Quiz noch nicht gespielt